Statistieken voor Waals-Brabant Trivia

Klik hier om de quiz te nemen!

Algemene statistieken

  • Deze quiz is 19 keer genomen
  • De gemiddelde score is 9 van 15

Antwoordstatistieken

VraagAntwoord% Correct
Op de vlag van Waals-Brabant zijn twee soorten dieren afgebeeld, geef er één van.
Leeuw | Haan
93%
In welke veldslag werd Napoleon definitief verslagen. Een leeuw waakt nog steeds over het slagveld.Slag bij Waterloo
93%
In welk pretpark vindt je de Cobra, de Kondaa en de Radja River?Walibi Belgium
93%
In welk jaar vond deze veldslag plaats?
1815
86%
Wat is de hoofdstad van Waals-Brabant?Waver
86%
Naar welke gemeente verhuisde de Université Catholique de Louvain?Louvain-la-Neuve
71%
Welke voormalige Belgische eerste minister werd in 2019 voorzitter van de Europese Raad, de tweede Belg na Herman Van Rompuy.Charles Michel
64%
In 1972 en 1974 werd in deze stad de Grand Prix Formule 1 van België gehouden. In 1981 werd het circuit gesloten.Nijvel
50%
Hoeveel faciliteitengemeentes telt Waals-Brabant?
Nul
50%
In welke industrie waren de Forges de Clabecq actief?Staalindustrie
43%
Wat is de enige Waals-Brabantse voetbalclub die ooit op het hoogste Belgische niveau speelde?AFC Tubize
29%
Deze industrieel en scheikundige gaf zijn naam aan vermaarde wetenschapsconferenties. Het bedrijf dat hij oprichtte is nog steeds onderdeel van de BEL 20.Ernest Solvay
29%
Brasserie Lefebvre is
gekend om zijn karakteristieke beugelflessen. Geef een van hun bieren die in deze flessen wordt verkocht.
Hopus | Floreffe | Barbar | Moeder Overste
29%
Deze indie-rock groep werd opgericht door mannen uit Eigenbrakel en niet door vrouwen uit Honolulu.Girls in Hawaii
21%
Welke regisseur regisseerde Toto le Héros, Le Huitième Jour, Mr. Nobody en Le Tout Nouveau Testament?Jaco Van Dormael
14%

Scoreverdeling

Percentiel versus Aantal Correcte Antwoorden

Procent van Mensen met Elke Score

Uw Scoregeschiedenis

U heeft deze quiz nog niet genomen